Movies Quiz

Random Movies Quiz

Parting Shots Quiz Stats

 Plays Quiz Updated Dec 6, 2017

Score 0/20 Timer 05:00
73 Plays Today
# Movie % Correct
19Ghostbusters
85.7%
6Lord of the Rings: The Return of the King
69.9%
2Planet of the Apes
67.9%
15When Harry Met Sally
67%
4Batman Returns
60.6%
11Independence Day
56.9%
16Jurassic Park
56.4%
20The Jungle Book
54.4%
18The Breakfast Club
51.6%
3Up
50.9%
# Movie % Correct
14Raiders of the Lost Ark
50.2%
1District 9
44.3%
10Harry Potter and the Sorcerer's/Philosopher's Stone
40.7%
13Casablanca
31.8%
7Apollo 13
29.7%
5Jaws
28.9%
12Monty Python and the Holy Grail
24.3%
8A League of Their Own
15.8%
17Matrix Revolutions
13.5%
9Twister
7.7%

You're not logged in!

Compare scores with friends on all Sporcle quizzes.
OR
Log In

You Might Also Like...

Show Comments

Extras

Top Quizzes Today


Score Distribution

Your Account Isn't Verified!

In order to create a playlist on Sporcle, you need to verify the email address you used during registration. Go to your Sporcle Settings to finish the process.

Report this User

Report this user for behavior that violates our Community Guidelines.

Details: